Articulacion de la educación media academica con la educación superior en el ciclo de ciencias basicas: caso Facultades de Ingenierias y Ciencias Farmaceuticas de la Universidad de Cartagena 2005 - 2007 / (Registro nro. 29967)

Detalles MARC
000 -LEADER
fixed length control field 01015nam a2200229Ia 4500
003 - CONTROL NUMBER IDENTIFIER
control field CO-CtgCURN
005 - DATE AND TIME OF LATEST TRANSACTION
control field 20250409210216.0
008 - FIXED-LENGTH DATA ELEMENTS--GENERAL INFORMATION
fixed length control field 190724s9999 xx 000 0 und d
020 ## - INTERNATIONAL STANDARD BOOK NUMBER
International Standard Book Number 9789588736396
040 ## - CATALOGING SOURCE
Original cataloging agency CO-CtgCURN
Language of cataloging spa
Transcribing agency coctgcurn
082 ## - DEWEY DECIMAL CLASSIFICATION NUMBER
Classification number 370.986
Item number P438a
100 ## - MAIN ENTRY--PERSONAL NAME
Personal name Pérez cantillo, William
245 #0 - TITLE STATEMENT
Title Articulacion de la educación media academica con la educación superior en el ciclo de ciencias basicas: caso Facultades de Ingenierias y Ciencias Farmaceuticas de la Universidad de Cartagena 2005 - 2007 /
Statement of responsibility, etc. William Pérez Cantillo
260 ## - PUBLICATION, DISTRIBUTION, ETC.
Place of publication, distribution, etc. Cartagena de Indias, Bolívar :
Name of publisher, distributor, etc. Editorial Universitaria,
Date of publication, distribution, etc. 2013
300 ## - PHYSICAL DESCRIPTION
Extent 231 páginas ;
Dimensions 23 centímetros
504 ## - BIBLIOGRAPHY, ETC. NOTE
Bibliography, etc. note Incluye referencias bibliográficas (p. 217-220)
521 ## - TARGET AUDIENCE NOTE
Target audience note AREA SOCIOHUMANISTICA
590 ## - LOCAL NOTE (RLIN)
Local note Todos los programas académicos
650 ## - SUBJECT ADDED ENTRY--TOPICAL TERM
Topical term or geographic name entry element educación superior
Geographic subdivision Cartagena de Indias
942 ## - ADDED ENTRY ELEMENTS (KOHA)
Koha item type Libros
Classification part 370.986
Item part P438a
Existencias
Withdrawn status Lost status Damaged status Not for loan Collection Home library Current library Shelving location Date acquired Inventory number Total checkouts Full call number Barcode Date last seen Copy number Price effective from Koha item type
          Miguel Henríquez Castañeda Barranquilla Miguel Henríquez Castañeda Barranquilla General 05/23/2018 03813   370.986 P438a 03813 07/25/2019 ej.1 07/25/2019 Libros